ROT13 Countries of the World with an Empty Map - Statistics

General Stats
  • This quiz has been taken 2 times
  • The average score is 1 of 196
Answers on the Map
Answers color-coded by a green-red scale on the quiz's map according to % correct below.
 
Answer Stats
country rot13 % Correct
Afghanistan Nstunavfgna
50%
Fiji Svwv
50%
North Korea Abegu Xbern
0%
North Macedonia Abegu Znprqbavn
0%
Norway Abejnl
0%
Nauru Anheh
0%
Namibia Anzvovn
0%
Nepal Arcny
0%
Netherlands Argureynaqf
0%
New Zealand Arj Mrnynaq
0%
Nicaragua Avpnenthn
0%
Niger Avtre
0%
Nigeria Avtrevn
0%
Oman Bzna
0%
Portugal Cbeghtny
0%
Poland Cbynaq
0%
Panama Cnanzn
0%
Papua New Guinea Cnchn Arj Thvarn
0%
Paraguay Cnenthnl
0%
Pakistan Cnxvfgna
0%
Palau Cnynh
0%
Peru Creh
0%
Philippines Cuvyvccvarf
0%
Qatar Dngne
0%
Romania Ebznavn
0%
Russia Ehffvn
0%
Rwanda Ejnaqn
0%
Republic of the Congo Erchoyvp bs gur Pbatb
0%
São Tomé and Príncipe Fãb Gbzé naq Ceíapvcr
0%
South Sudan Fbhgu Fhqna
0%
South Africa Fbhgu Nsevpn
0%
South Korea Fbhgu Xbern
0%
Solomon Islands Fbybzba Vfynaqf
0%
Somalia Fbznyvn
0%
Spain Fcnva
0%
Sri Lanka Fev Ynaxn
0%
Suriname Fhevanzr
0%
Sudan Fhqna
0%
Sweden Fjrqra
0%
Switzerland Fjvgmreynaq
0%
Syria Flevn
0%
San Marino Fna Znevab
0%
Saudi Arabia Fnhqv Nenovn
0%
Saint Vincent and the Grenadines Fnvag Ivaprag naq gur Teranqvarf
0%
Saint Kitts and Nevis Fnvag Xvggf naq Arivf
0%
Saint Lucia Fnvag Yhpvn
0%
Samoa Fnzbn
0%
Senegal Frartny
0%
Serbia Freovn
0%
Seychelles Frlpuryyrf
0%
Singapore Fvatncber
0%
Sierra Leone Fvreen Yrbar
0%
Slovakia Fybinxvn
0%
Slovenia Fybiravn
0%
Tonga Gbatn
0%
Togo Gbtb
0%
Trinidad and Tobago Gevavqnq naq Gbontb
0%
Tunisia Ghavfvn
0%
Turkey Ghexrl
0%
Turkmenistan Ghexzravfgna
0%
Tuvalu Ghinyh
0%
Tanzania Gnamnavn
0%
Taiwan Gnvjna
0%
Tajikistan Gnwvxvfgna
0%
Thailand Gunvynaq
0%
United States Havgrq Fgngrf
0%
United Arab Emirates Havgrq Neno Rzvengrf
0%
United Kingdom Havgrq Xvatqbz
0%
Uruguay Hehthnl
0%
Uzbekistan Hmorxvfgna
0%
Uganda Htnaqn
0%
Ukraine Hxenvar
0%
Vanuatu Inahngh
0%
Vatican City Ingvpna Pvgl
0%
Venezuela Irarmhryn
0%
Vietnam Ivrganz
0%
Yemen Lrzra
0%
Zambia Mnzovn
0%
Zimbabwe Mvzonojr
0%
Antigua and Barbuda Nagvthn naq Oneohqn
0%
Andorra Naqbeen
0%
Angola Natbyn
0%
Argentina Netragvan
0%
Armenia Nezravn
0%
Australia Nhfgenyvn
0%
Austria Nhfgevn
0%
Azerbaijan Nmreonvwna
0%
Albania Nyonavn
0%
Algeria Nytrevn
0%
Bosnia and Herzegovina Obfavn naq Uremrtbivan
0%
Botswana Obgfjnan
0%
Bolivia Obyvivn
0%
Brunei Oeharv
0%
Brazil Oenmvy
0%
Burundi Ohehaqv
0%
Burkina Faso Ohexvan Snfb
0%
Bulgaria Ohytnevn
0%
Bangladesh Onatynqrfu
0%
Barbados Oneonqbf
0%
Bahrain Onuenva
0%
Bahamas Onunznf
0%
Benin Orava
0%
Belarus Orynehf
0%
Belgium Orytvhz
0%
Belize Oryvmr
0%
Bhutan Ouhgna
0%
Costa Rica Pbfgn Evpn
0%
Colombia Pbybzovn
0%
Comoros Pbzbebf
0%
Croatia Pebngvn
0%
Cuba Phon
0%
Cyprus Plcehf
0%
Czech Republic Pmrpu Erchoyvp
0%
Canada Pnanqn
0%
Cape Verde Pncr Ireqr
0%
Cambodia Pnzobqvn
0%
Cameroon Pnzrebba
0%
Central African Republic Prageny Nsevpna Erchoyvp
0%
Chad Punq
0%
China Puvan
0%
Chile Puvyr
0%
Dominica Qbzvavpn
0%
Dominican Republic Qbzvavpna Erchoyvp
0%
Denmark Qraznex
0%
Democratic Republic of the Congo Qrzbpengvp Erchoyvp bs gur Pbatb
0%
Djibouti Qwvobhgv
0%
Equatorial Guinea Rdhngbevny Thvarn
0%
Eritrea Revgern
0%
Estonia Rfgbavn
0%
Eswatini Rfjngvav
0%
Ethiopia Rguvbcvn
0%
East Timor Rnfg Gvzbe
0%
Ecuador Rphnqbe
0%
Egypt Rtlcg
0%
El Salvador Ry Fnyinqbe
0%
France Senapr
0%
Federated States of Micronesia Srqrengrq Fgngrf bs Zvpebarfvn
0%
Finland Svaynaq
0%
Grenada Teranqn
0%
Greece Terrpr
0%
Guyana Thlnan
0%
Guatemala Thngrznyn
0%
Guinea Thvarn
0%
Guinea-Bissau Thvarn-Ovffnh
0%
Gabon Tnoba
0%
Gambia Tnzovn
0%
Georgia Trbetvn
0%
Germany Treznal
0%
Ghana Tunan
0%
Honduras Ubaqhenf
0%
Hungary Uhatnel
0%
Haiti Unvgv
0%
Indonesia Vaqbarfvn
0%
India Vaqvn
0%
Iran Vena
0%
Iraq Vend
0%
Ireland Verynaq
0%
Israel Vfenry
0%
Italy Vgnyl
0%
Ivory Coast Vibel Pbnfg
0%
Iceland Vprynaq
0%
Jordan Wbeqna
0%
Japan Wncna
0%
Jamaica Wnznvpn
0%
Kosovo Xbfbib
0%
Kuwait Xhjnvg
0%
Kyrgyzstan Xletlmfgna
0%
Kazakhstan Xnmnxufgna
0%
Kenya Xraln
0%
Kiribati Xvevongv
0%
Luxembourg Yhkrzobhet
0%
Laos Ynbf
0%
Latvia Yngivn
0%
Lesotho Yrfbgub
0%
Lebanon Yronaba
0%
Lithuania Yvguhnavn
0%
Libya Yvoln
0%
Liberia Yvorevn
0%
Liechtenstein Yvrpugrafgrva
0%
Montenegro Zbagrarteb
0%
Monaco Zbanpb
0%
Mongolia Zbatbyvn
0%
Morocco Zbebppb
0%
Mozambique Zbmnzovdhr
0%
Moldova Zbyqbin
0%
Myanmar Zlnazne
0%
Marshall Islands Znefunyy Vfynaqf
0%
Mauritania Znhevgnavn
0%
Mauritius Znhevgvhf
0%
Madagascar Znqntnfpne
0%
Malta Znygn
0%
Malawi Znynjv
0%
Malaysia Znynlfvn
0%
Maldives Znyqvirf
0%
Mali Znyv
0%
Mexico Zrkvpb
0%
No matching quizzes found
Score Distribution
Percent of People with Each Score
Percentile by Number Answered
Your Score History
You have not taken this quiz